000 00292nam a2200121Ia 4500
999 _c3399
_d3399
008 191201s2001 xx 000 0 und d
100 _aASTM
245 0 _aAnnual Book of ASTM Standerds 2001 Vol.2
260 _aN.Delhi
_bASTM
_c2001
300 _a1296
650 _aB.Tech(TE)
942 _2ddc
_cBK